[Event "Regionalliga SW9495"]
[Site "Bayern"]
[Date "1995.??.??"]
[Round "5"]
[White "Drexel, Michael"]
[Black "Schreiber, Roland"]
[Result "0-1"]
[WhiteElo "2075"]
[BlackElo "1840"]

1.d4 Nf6 2.c4 g6 3.Nc3 Bg7 4.e4 d6 5.Be2 O-O 6.Be3 e5 7.Nf3 Nc6 8.d5 Ne7
9.Nd2 Ne8 10.c5 f5 11.f3 f4 12.Bf2 Rf7 13.Rc1 Bf8 14.Nc4 g5 15.Qb3 Ng6 16.cxd6 cxd6
17.Nb5 a6 18.Nba3 b5 19.Nb6 Rb8 20.Nxc8 Rxc8 21.O-O h5 22.Nc2 Rg7 23.Nb4 Ra8
24.Rc2 Nh4 25.Rfc1 g4 26.Bxh4 Qxh4 27.Qc3 Nf6 28.Qe1 g3 29.h3 Raa7 30.Rc6 a5
31.Na6 Ng4 32.fxg4 hxg4 33.Bxg4 Rxg4 34.R1c3 b4 35.Rf3 Rgg7 36.Qe2 Qh7 37.Rc8 Rxa6
38.Qxa6 Qxe4 39.Qd3 Qxd3 40.Rxd3 e4 41.Rd4 Re7 42.Rd8 Rc7 43.Kf1 Rc1+ 44.Ke2 f3+
45.gxf3 g2 46.Rxe4 Re1+ 47.Kxe1 g1=Q+ 48.Ke2 Qg2+ 49.Kd3 Qxf3+ 50.Re3 Qxd5+
51.Ke2 Qc4+ 52.Kf3 Qf1+ 53.Ke4 Kh7 54.Rf3 Qe1+ 55.Kf5 Qe5+ 56.Kg4 Bg7 57.Rf4 Qe2+
58.Kf5 Qh5+ 59.Ke4 Qxh3 60.Rxd6 Qg2+ 61.Kf5 Qc2+ 62.Kg4 Qxb2 63.Rf3 Qg2+
64.Rg3 Qe4+ 65.Kh3 Be5 66.Rd7+ Kh6 67.Re7 Qh1+  0-1

[Event "Oberliga Bayern9495"]
[Site "Bayern"]
[Date "1995.??.??"]
[Round "5"]
[White "Gross, David"]
[Black "Luft, Andreas"]
[Result "0-1"]
[WhiteElo "2390"]
[BlackElo "2290"]

1.d4 Nf6 2.Nf3 g6 3.c4 Bg7 4.Nc3 O-O 5.e4 d6 6.Be2 e5 7.d5 a5 8.h3 Na6 9.Bg5 h6
10.Be3 Nd7 11.g4 Ndc5 12.Qd2 Kh7 13.Rg1 Qe7 14.h4 f5 15.h5 fxe4 16.hxg6+ Kg8
17.Nh2 Qf6 18.O-O-O Qxg6 19.Nf1 Nd3+ 20.Bxd3 exd3 21.Qxd3 Bf5 22.gxf5 Qxg1
23.Ng3 Qg2 24.Qd2 Qf3 25.Kb1 Rxf5 26.Nxf5 Qxf5+ 27.Kc1 Rf8 28.Rg1 Nb4 29.Rxg7+ Kxg7
30.Bxh6+ Kf7 31.Bxf8 Nd3+ 32.Kd1 Kxf8 33.Nb5 Qg4+ 34.f3 Qxf3+ 35.Kc2 Nb4+
36.Kb1 Qe4+  0-1

[Event "Regionalliga NO9495"]
[Site "Bayern"]
[Date "1995.??.??"]
[Round "5"]
[White "Leitermann, Thomas"]
[Black "Thiele, Heinz"]
[Result "1/2-1/2"]
[WhiteElo "2025"]
[BlackElo "2055"]

1.d4 Nf6 2.c4 g6 3.Nc3 Bg7 4.e4 d6 5.Be2 O-O 6.Nf3 e5 7.dxe5 dxe5 8.Qxd8 Rxd8
9.Bg5 Re8 10.Nd5 Nxd5 11.cxd5 c6 12.Bc4 cxd5 13.Bxd5 Nc6 14.Bxc6 bxc6 15.Rc1 Be6
16.b3 a5 17.O-O a4  1/2-1/2

[Event "Lee Cup"]
[Site "Beijing"]
[Date "1995.??.??"]
[Round "1"]
[White "Wu Shaobin"]
[Black "Wang Rui"]
[Result "0-1"]
[WhiteElo "2430"]
[BlackElo "2000"]

1.d4 Nf6 2.c4 g6 3.Nc3 Bg7 4.e4 d6 5.Nf3 O-O 6.Be2 e5 7.d5 Nbd7 8.Be3 Ng4
9.Bg5 f6 10.Bh4 Nh6 11.Nd2 a5 12.f3 Nf7 13.Qc2 Nc5 14.O-O-O Bd7 15.Nb3 a4
16.Nxc5 dxc5 17.Kb1 Nd6 18.Bf2 b6 19.Bd3 Qc8 20.h4 h6 21.g4 Qa6 22.Ka1 Qa5
23.Nb1 a3 24.b3 Rab8 25.Be3 f5 26.Bd2 Qa7 27.gxf5 gxf5 28.Bc1 fxe4 29.fxe4 Rf6
30.Rdg1 Rbf8 31.Rg2 h5 32.Nxa3 Bg4 33.Rhg1 Kh8 34.Nb5 Nxb5 35.cxb5 Qa8 36.Kb1 Qe8
37.Bg5 Rf3 38.Qd2 Qg6 39.a4 R8f4  0-1

[Event "Tan Cup"]
[Site "Beijing"]
[Date "1995.??.??"]
[Round "1"]
[White "Li Wenliang"]
[Black "Ye Jiangchuan"]
[Result "1/2-1/2"]
[WhiteElo "2425"]
[BlackElo "2550"]

1.d4 Nf6 2.c4 g6 3.Nc3 Bg7 4.e4 d6 5.Nf3 O-O 6.Be2 e5 7.Be3 Na6 8.O-O c6
9.d5 Ng4 10.Bg5 f6 11.Bh4 Nh6 12.Nd2 c5 13.a3 Qe8 14.Bd3 f5 15.Bc2 Bf6 16.Ba4 Qe7
17.Bxf6 Rxf6 18.Bb5 f4 19.Bxa6 bxa6 20.f3 g5 21.h3 Nf7 22.b4 h5 23.bxc5 dxc5
24.d6 Rxd6 25.Nd5 Qd8 26.Rb1 Rg6 27.Qe1 Kg7 28.g4 Rh6 29.Kg2 Qd6 30.Qf2 Bd7
31.Rh1 Rc8 32.Nb3 Ba4 33.Na5 hxg4 34.fxg4 Qg6 35.Qe2 Qd6 36.Rb7 Rd8 37.Rxf7+ Kxf7
38.Nb7 Qd7 39.Nxd8+ Qxd8 40.Qb2 Re6 41.Qb7+ Qd7 42.Rb1 Qxb7 43.Rxb7+ Kf8
44.Rc7 Bc2 45.Kf3 Rh6 46.Rc8+ Kf7 47.Rc7+ Kf8 48.Rc8+ Kf7  1/2-1/2

[Event "Tan Cup"]
[Site "Beijing"]
[Date "1995.??.??"]
[Round "3"]
[White "Li Wenliang"]
[Black "Peng Xiaomin"]
[Result "1-0"]
[WhiteElo "2425"]
[BlackElo "2510"]

1.d4 Nf6 2.c4 g6 3.Nc3 Bg7 4.e4 d6 5.Nf3 O-O 6.Be2 e5 7.Be3 Na6 8.O-O c6
9.d5 Ng4 10.Bg5 f6 11.Bh4 h5 12.Nd2 Qd7 13.a3 c5 14.Rb1 Nh6 15.f3 f5 16.b4 Bf6
17.Bxf6 Rxf6 18.exf5 gxf5 19.f4 Qg7 20.Bxh5 Bd7 21.Nb5 Be8 22.Rb3 Bxh5 23.Qxh5 Rg6
24.Rg3 Rxg3 25.hxg3 cxb4 26.fxe5 dxe5 27.Nd6 Rf8 28.Ne8 Qg4 29.Qxh6 Rxe8
30.Nf3 Qg7 31.Qh5 Rf8 32.axb4 Nxb4 33.Ng5 Rf6 34.Ne6 Qf7 35.Qg5+ Kh7 36.Qe3 Rxe6
37.dxe6 Qxe6 38.Qxa7 Kg6 39.Qe3 Nc2 40.Qd3 Nb4 41.Qb1 Qb6+ 42.Kh1 e4 43.g4 Qe3
44.gxf5+ Kf7 45.Qxb4 Qh6+ 46.Kg1 Qe3+ 47.Kh2 Qh6+ 48.Kg3 Qg5+ 49.Kf2  1-0

[Event "Lee Cup"]
[Site "Beijing"]
[Date "1995.??.??"]
[Round "11"]
[White "Zhang Weida"]
[Black "Wang Rui"]
[Result "1-0"]
[WhiteElo "2300"]
[BlackElo "2000"]

1.c4 Nf6 2.Nc3 g6 3.d4 Bg7 4.e4 d6 5.Nf3 O-O 6.Be2 Nbd7 7.O-O e5 8.Be3 a5
9.Rb1 Ng4 10.Bg5 f6 11.Bh4 Nh6 12.Qd2 Nf7 13.Rbd1 c6 14.Qc2 Qe7 15.Rfe1 Re8
16.Bf1 Nf8 17.d5 Bg4 18.Be2 Bh6 19.Nd2 Bxd2 20.Qxd2 Bxe2 21.Rxe2 g5 22.Bg3 c5
23.Rb1 Ng6 24.Nd1 Reb8 25.Ne3 Qd7 26.Nf5 b5 27.Rc1 Ra7 28.h4 h6 29.Qd3 bxc4
30.Qf3 Ne7 31.Ne3 Kg7 32.Rxc4 a4 33.Rcc2 Rb4 34.Red2 Rab7 35.a3 Rb3 36.Kh1 Kg6
37.Kg1 h5 38.Qe2 Qb5 39.Qf3 g4 40.Qd1 Qa6 41.Kh2 Nh6 42.Nc4 Kh7 43.Qe1 Ng6
44.Rd1 R3b5 45.Qe2 Rb8 46.Rf1 Rb3 47.Rd1 R3b7 48.Qd3 Rb3 49.Rc3 Nf7 50.Rdc1 R3b7
51.R1c2 Kg7 52.Qd2 Nh6 53.Qd3 Nf7 54.f3 Nh6 55.Nxe5 Qxd3 56.Nxd3 Rd8 57.Rc4 Ra7
58.Nf4 Nxf4 59.Bxf4 gxf3 60.gxf3 Nf7 61.Rg2+ Kh7 62.Rc1 Rg8 63.Rxg8 Kxg8
64.Kg3 Kg7 65.Bd2 Ne5 66.Bc3 Ng6 67.Kf2 Kf7 68.Ke3 Nxh4 69.Rh1 Ng2+ 70.Kf2 Nf4
71.Rh4 Nd3+ 72.Ke3 Ne5 73.Rxh5 Kg6 74.Rh8 Rb7 75.Rd8 Nc4+ 76.Kf4 Rb6 77.Rd7 Rb3
78.Kg3 Rb6 79.f4 Nxb2 80.f5+ Kh6 81.Bd2+  1-0

[Event "Belgrade Trako"]
[Site "Belgrade"]
[Date "1995.??.??"]
[Round "2"]
[White "Piskov, Yury"]
[Black "Arsovic, Goran"]
[Result "1/2-1/2"]
[WhiteElo "2540"]
[BlackElo "2385"]

1.d4 Nf6 2.Nf3 g6 3.c4 Bg7 4.Nc3 O-O 5.e4 d6 6.Be2 e5 7.d5 a5 8.h3 Na6 9.Bg5 Qe8
10.Nd2 h6 11.Be3 Nh7 12.g4 f5 13.gxf5 gxf5 14.exf5 Bxf5 15.Nde4 Nf6 16.Ng3 Bh7
17.Qd2 Nb4 18.Rc1 Qg6 19.Rg1 Nc2+ 20.Rxc2 Qxc2 21.Bxh6 Qxd2+ 22.Bxd2 Kh8
23.Bg4 Nxg4 24.hxg4 Bd3 25.Be3 Bxc4 26.Nf5 Rxf5 27.gxf5 Rf8 28.Rg4 Bd3 29.Kd2 Bxf5
30.Rc4 Rc8 31.Nb5 Kg8 32.Rxc7 Rxc7 33.Nxc7 Be4 34.a4 Bf6 35.Bb6 Bd8 36.Bxa5 Kf7
37.Bb6 Bxc7  1/2-1/2

[Event "Belgrade Minex"]
[Site "Belgrade"]
[Date "1995.??.??"]
[Round "5"]
[White "Cosma, Ioan"]
[Black "Sahovic, Dragutin"]
[Result "1/2-1/2"]
[WhiteElo "2440"]
[BlackElo "2450"]

1.d4 Nf6 2.c4 g6 3.Nc3 Bg7 4.e4 d6 5.Nf3 O-O 6.Be2 e5 7.O-O Nbd7 8.Re1 c6
9.Bf1 a6 10.Rb1 b5 11.dxe5 Nxe5 12.Nxe5 dxe5  1/2-1/2

[Event "Belgrade Trako"]
[Site "Belgrade"]
[Date "1995.??.??"]
[Round "10"]
[White "Timoshenko, Georgy"]
[Black "Sahovic, Dragutin"]
[Result "1-0"]
[WhiteElo "2555"]
[BlackElo "2450"]

1.d4 Nf6 2.c4 g6 3.Nc3 Bg7 4.e4 d6 5.Nf3 O-O 6.Be2 e5 7.d5 a5 8.Bg5 h6 9.Bh4 Na6
10.Nd2 Qe8 11.O-O Nh7 12.a3 Bd7 13.Kh1 h5 14.f3 Bh6 15.b3 Be3 16.Rb1 Bc5
17.Qc1 f5 18.exf5 gxf5 19.Bf2 Qg6 20.Bxc5 dxc5 21.Qb2 Rae8 22.Rg1 Rf7 23.Rbe1 Nf8
24.Bd3 Qh6 25.Nd1 Ng6 26.Ne3 Nf4 27.Bb1 h4 28.g4 hxg3 29.Rxg3+ Kf8 30.Ndf1 Nh5
31.Rg1 Qf4 32.Qg2 Rg7 33.Qh3 Rxg1+ 34.Kxg1 Ng7 35.Re2 Kf7 36.Rg2 Qd4 37.Kh1 Rg8
38.Bxf5 Nxf5 39.Nxf5 Rxg2 40.Qh7+  1-0

[Event "Belgrade Trako"]
[Site "Belgrade"]
[Date "1995.??.??"]
[Round "10"]
[White "Piskov, Yury"]
[Black "Damljanovic, Branko"]
[Result "1-0"]
[WhiteElo "2540"]
[BlackElo "2575"]

1.d4 Nf6 2.Nf3 g6 3.c4 Bg7 4.Nc3 O-O 5.e4 d6 6.Be2 e5 7.d5 a5 8.h3 Na6 9.Bg5 Qe8
10.g4 Nd7 11.Rg1 Ndc5 12.Qd2 Kh8 13.O-O-O Bd7 14.h4 Nb4 15.Kb1 f5 16.gxf5 Nxe4
17.Nxe4 Bxf5 18.Bd3 Qa4 19.b3 Qa3 20.Qe2 a4 21.Bc1 axb3 22.Bxa3 Rxa3 23.Nfg5 Rfa8
24.axb3 Rxb3+ 25.Qb2 Rxb2+ 26.Kxb2 Nxd3+ 27.Rxd3 h6 28.f3 hxg5 29.hxg5 Kg8
30.Ra1 Rxa1 31.Kxa1 Bf8 32.Ra3 Be7 33.Ra7 Bxe4 34.fxe4 Bxg5 35.Rxb7 Be3 36.Kb1 Bb6
37.Kc2 Kf7 38.Kd3 Kf6 39.Ke2 Kg5 40.Kf3 Kh5 41.Rb8 Kg5 42.Rh8 Bc5 43.Rh7 Bb6
44.Rd7 Kh5 45.Rf7 Kh4 46.Rh7+ Kg5 47.Kg3 Kf6 48.Kg4 Ba5 49.c5 dxc5 50.Rh8 Kf7
51.Ra8 Bb6 52.Ra6 Ke7 53.Kg5 Kf7 54.Ra4 c6 55.dxc6 Ke6 56.Ra6 Bd8+ 57.Kxg6 Bc7
58.Kh5 Kd6 59.Kg5 c4 60.Kf5 Kc5 61.Ke6 Kb5 62.Kd7  1-0

[Event "Belgrade Minex"]
[Site "Belgrade"]
[Date "1995.??.??"]
[Round "11"]
[White "Cosma, Ioan"]
[Black "Szuhanek, Ranko"]
[Result "1/2-1/2"]
[WhiteElo "2440"]
[BlackElo "2350"]

1.d4 Nf6 2.c4 g6 3.Nc3 Bg7 4.e4 d6 5.Nf3 O-O 6.Be2 e5 7.O-O exd4 8.Nxd4 Re8
9.f3 c6 10.Kh1 Nbd7 11.Bg5 Qa5  1/2-1/2

[Event "Belgrade Trako"]
[Site "Belgrade"]
[Date "1995.??.??"]
[Round "13"]
[White "Cosma, Ioan"]
[Black "Badea, Bela"]
[Result "0-1"]
[WhiteElo "2440"]
[BlackElo "2490"]

1.d4 Nf6 2.c4 g6 3.Nc3 Bg7 4.e4 d6 5.Nf3 O-O 6.Be2 e5 7.dxe5 dxe5 8.Qxd8 Rxd8
9.Bg5 Nbd7 10.Nd2 c6 11.O-O Nc5 12.Nb3 Ne6 13.Bxf6 Bxf6 14.Rfd1 Re8 15.Bf1 Bg7
16.a3 Nd4 17.Nc1 Be6 18.b3 a6 19.N3e2 b5 20.Nxd4 exd4 21.Bd3 bxc4 22.bxc4 c5
23.Ne2 Be5 24.g3 Reb8 25.Rdb1 Bc7 26.f4 f6 27.Kf2 Ba5 28.h4 Bd2 29.a4 Bd7
30.Rxb8+ Rxb8 31.Ra2 Be3+ 32.Kg2 Rb3 33.Bc2 Rb4  0-1

[Event "Belgrade Trako"]
[Site "Belgrade"]
[Date "1995.??.??"]
[Round "13"]
[White "Damljanovic, Branko"]
[Black "Brenjo, Slavisa"]
[Result "1/2-1/2"]
[WhiteElo "2575"]
[BlackElo "2425"]

1.Nf3 Nf6 2.c4 g6 3.Nc3 Bg7 4.e4 d6 5.d4 O-O 6.Be2 e5 7.d5 a5 8.Nd2 Na6 9.h4 h5
10.f3 c6 11.Nb3 Bd7 12.Be3 a4 13.Nd2 Qa5 14.O-O Nc5 15.Rb1 cxd5 16.cxd5 b5
17.a3 Rfc8 18.Qe1 Nb3 19.Nxb3 axb3 20.Rc1 b4 21.axb4 Qxb4 22.Nb5 Qxe1 23.Rfxe1 Bf8
24.Na7 Rcb8 25.Nc6 Rb7 26.Rc3 Kh7 27.Bc4 Bh6 28.Bxh6 Kxh6 29.Rxb3 Rc7 30.Rb6 Bc8
31.Bf1 Nd7 32.Rb5 Bb7 33.Rc1 Kg7 34.Rb4 Nc5 35.Rb6 Nd7 36.Rb3 f5 37.Rbc3 fxe4
38.fxe4 Nc5 39.Nxe5 Re7 40.Nc4 Nxe4 41.Re3 Rae8 42.Rce1 Kf6 43.Rd1 Bc8 44.Rxe4 Rxe4
45.Nxd6 Bd7 46.Nxe8+ Bxe8 47.g3 Bd7 48.Bg2 Re2 49.Rf1+ Ke7 50.Rf2 Re1+ 51.Kh2 Bg4
52.Bh3 Bxh3 53.Kxh3 Rd1 54.Re2+ Kf7 55.Re5 Rb1 56.d6 Rxb2 57.Rd5 Rb8 58.Kg2 Ke6
59.Rg5 Rg8 60.Kf3 Kxd6  1/2-1/2

[Event "Benasque"]
[Site "Benasque"]
[Date "1995.??.??"]
[Round "6"]
[White "Giorgadze, Giorgi"]
[Black "Komarov, Dimitri"]
[Result "1-0"]
[WhiteElo "2605"]
[BlackElo "2575"]

1.Nf3 g6 2.c4 Bg7 3.Nc3 Nf6 4.d4 O-O 5.e4 d6 6.Be2 e5 7.Be3 h6 8.O-O Ng4
9.Bc1 Na6 10.dxe5 Nxe5 11.Be3 Be6 12.Nxe5 dxe5 13.a3 c6 14.Qxd8 Rfxd8 15.Rfd1 Rxd1+
16.Rxd1 Bf8 17.Na4 b6 18.b4 Nc7 19.Nc3 Ne8 20.f3 Rc8 21.Rb1 Be7 22.c5 bxc5
23.bxc5 Kg7 24.Kf2 Rc7 25.Ba6 f5 26.Ke2 Nf6 27.h3 Nd7 28.Na4 Nf6 29.Rb4 Bf8
30.Nb2 Nd7 31.Nd3 fxe4 32.fxe4 Kf7 33.Kd2 Ke8 34.Kc2 Bg7 35.Rb1 Nf6 36.Rb8+ Ke7
37.Nxe5 Nxe4 38.Nxg6+ Kf7 39.Nf4 Bf5 40.Bc4+ Ke7 41.g4 Bh7 42.Bd3 Kf7 43.Rb4 Nf6
44.Bxh7 Nxh7 45.Nh5 Bf8 46.Rf4+ Ke6 47.Rf5 Re7 48.Kd3 Rd7+ 49.Kc4 Ke7 50.Bd4 Ke8
51.h4 Be7 52.Ng7+ Kd8 53.Ne6+ Ke8 54.Rh5 Nf6 55.Rxh6 Nxg4 56.Rg6 Kf7 57.Rxg4 Kxe6
58.Rg6+ Kf7 59.h5 Rd5 60.Rg7+ Ke6 61.h6 Bf6 62.Bxf6 Kxf6 63.Rc7 Ke5 64.Rxc6 Rd1
65.Ra6 Rh1 66.Rxa7 Rxh6 67.Re7+  1-0

[Event "Benasque"]
[Site "Benasque"]
[Date "1995.??.??"]
[Round "7"]
[White "Komarov, Dimitri"]
[Black "Comas Fabrego, Luis"]
[Result "1/2-1/2"]
[WhiteElo "2575"]
[BlackElo "2490"]

1.d4 Nf6 2.Nf3 g6 3.c4 Bg7 4.Nc3 O-O 5.e4 d6 6.Be2 Na6 7.O-O e5 8.Re1 c6
9.Bf1 Bg4 10.d5 c5 11.Be2 Ne8 12.a3 Bd7 13.g3 f5 14.Ng5 Nac7 15.exf5 gxf5
16.f4 e4 17.Be3 Bxc3 18.bxc3 Nf6 19.Nh3 Kh8 20.Nf2 Rg8 21.Kh1 Rg6 22.Rg1 Qg8
23.Qd2 Qg7 24.Rg2 Rg8 25.Rag1  1/2-1/2

[Event "Berliner Sommer"]
[Site "Berlin"]
[Date "1995.??.??"]
[Round "1"]
[White "Grabliauskas, Virginijus"]
[Black "Meiss, C."]
[Result "1-0"]
[WhiteElo "2395"]
[BlackElo "1945"]

1.d4 Nf6 2.c4 g6 3.Nc3 d6 4.e4 Bg7 5.Nf3 O-O 6.Be2 Nbd7 7.O-O e5 8.Qc2 c6
9.Rd1 Qc7 10.Rb1 a5 11.b3 Re8 12.a3 b6 13.b4 Ba6 14.h3 Rac8 15.dxe5 dxe5
16.Be3 axb4 17.axb4 Bf8 18.Qb3 c5 19.b5 Bb7 20.Nd2 Bg7 21.Nd5 Nxd5 22.cxd5 Nf6
23.Nc4 Nxe4 24.d6 Qd7 25.Nxb6 Qd8 26.Nxc8 Bxc8 27.Bc4  1-0

[Event "Berliner Sommer"]
[Site "Berlin"]
[Date "1995.??.??"]
[Round "2"]
[White "Sielecki, Christof"]
[Black "Timoshenko, Georgy"]
[Result "0-1"]
[WhiteElo "2295"]
[BlackElo "2550"]

1.Nf3 Nf6 2.c4 g6 3.Nc3 Bg7 4.e4 d6 5.d4 O-O 6.Be2 e5 7.dxe5 dxe5 8.Qxd8 Rxd8
9.Nd5 Nxd5 10.cxd5 c6 11.Bc4 b5 12.Bb3 Bb7 13.Bg5 Rd7 14.Rc1 h6 15.Be3 Kh7
16.dxc6 Nxc6 17.Bd5 Nb4 18.Bxb7 Rxb7 19.Ke2 Nxa2 20.Rc5 a5 21.Bd2 b4 22.Ra1 b3
23.Rxa5 Rxa5 24.Bxa5 Ra7 25.Bb6 Ra6 26.Be3 Nc3+ 27.Kd3 Rxa1 28.Kxc3 f5 29.Kxb3 f4
30.Bc5 Rc1 31.Bd6 g5 32.h3 Kg6 33.Bxe5 Rf1 34.Bxg7 Kxg7 35.Kc4 Rxf2 36.b4 Rxg2
37.b5 Kf6 38.e5+ Ke7 39.Kd5 h5 40.e6 g4 41.hxg4 hxg4 42.Nd4 Rd2 43.b6 g3
44.b7 Rb2 45.Nc6+ Kf6 46.e7 Kf7  0-1

[Event "Berliner Sommer"]
[Site "Berlin"]
[Date "1995.??.??"]
[Round "3"]
[White "Ulibin, Mikhail"]
[Black "Heinig, Wolfram"]
[Result "1/2-1/2"]
[WhiteElo "2545"]
[BlackElo "2325"]

1.d4 Nf6 2.c4 d6 3.Nc3 Nbd7 4.e4 e5 5.Nf3 g6 6.Be2 Bg7 7.O-O O-O 8.Be3 Ng4
9.Bg5 f6 10.Bc1 Nh6 11.Qc2 c6 12.Rd1 Qe7 13.b4 Nf7 14.Ba3 Re8 15.d5 Nf8 16.c5 dxc5
17.b5 cxb5 18.Nxb5 b6 19.d6 Qd7 20.Nc7 Bb7 21.Bb5 Bc6 22.Bxc6 Qxc6 23.Qc4 Rad8
24.Rd3 Qd7 25.Bb2 Ne6 26.Nxe8 Rxe8 27.a4 Bf8 28.Rad1 Kg7 29.g3 Nd4 30.Nxd4 exd4
31.Bxd4 cxd4 32.Rxd4 Bxd6 33.Qb5 Qxb5 34.axb5 Bc5 35.Rd7 Rxe4 36.Rxa7 Re7
37.Rxe7 Bxe7 38.Kf1 Bc5 39.Ke2 Nd6 40.Rb1 Ne4 41.Rc1 Bxf2 42.Rc7+ Kh6 43.Kf3 f5
44.g4 Bd4 45.Rd7 Bf6 46.Rb7 Nd2+ 47.Ke2 Nc4 48.gxf5 Bd4 49.Kd3 Nd6 50.Rd7 Bc5
51.f6 Nxb5 52.Kc4 Nd6+ 53.Kd5 Kg5 54.f7 Nxf7 55.Rxf7 h5 56.Ke4 Kg4 57.Rf3 g5
58.Rb3 Kh4 59.h3 g4 60.hxg4 Kxg4 61.Rb2 Kg3 62.Rb3+ Kg2 63.Kf5 h4 64.Kg4 Bf2  1/2-1/2

[Event "Berliner Sommer"]
[Site "Berlin"]
[Date "1995.??.??"]
[Round "4"]
[White "Poluljahov, Aleksandr"]
[Black "Timoshenko, Georgy"]
[Result "1/2-1/2"]
[WhiteElo "2460"]
[BlackElo "2550"]

1.d4 Nf6 2.c4 g6 3.Nc3 Bg7 4.e4 d6 5.Nf3 O-O 6.Be2 e5 7.d5 a5 8.h3 Na6 9.Bg5 Qe8
10.Nd2 h6 11.Be3 Nh7 12.g4 f5 13.gxf5 gxf5 14.exf5 Bxf5 15.Rg1 Kh8 16.Nde4 Nf6
17.Bf3 b6 18.Qd2 Bxe4 19.Nxe4 Qg6  1/2-1/2

[Event "Berliner Sommer"]
[Site "Berlin"]
[Date "1995.??.??"]
[Round "4"]
[White "Kacheishvili, Giorgi"]
[Black "Dydyshko, Viacheslav"]
[Result "1/2-1/2"]
[WhiteElo "2450"]
[BlackElo "2545"]

1.d4 Nf6 2.c4 g6 3.Nc3 Bg7 4.e4 d6 5.Be2 O-O 6.Nf3 e5 7.Be3 Nbd7 8.d5 Ng4
9.Bd2 c6 10.O-O f5 11.exf5 gxf5 12.Ng5 Ndf6 13.h3 Nh6 14.f4 e4 15.b4 Kh8
16.Be3 Nhg8 17.g4 cxd5 18.cxd5 Qe7 19.Rc1 Nh6 20.Nb5 fxg4 21.Rc7 Bd7 22.hxg4 a6
23.Na3 Rfc8 24.Rxb7 Rc3 25.Nc4 Rc8 26.Nb6 Rxe3 27.Nxc8 Qd8 28.Nb6 Bxg4 29.Bxg4 Rg3+
30.Kf2 Rxg4 31.Ke1 Qe8 32.Ne6 Qh5 33.Nxg7 Qh4+ 34.Kd2 Rxg7 35.Rxg7 Kxg7 36.Qe1 Qh3
37.Rg1+ Nhg4 38.Qg3 Qh5 39.Kc1 Qf5 40.Nc4 Qxd5 41.Qc3 h5 42.Ne3 Qxa2 43.Nxg4 hxg4
44.Rxg4+ Kf7 45.Rg5 e3 46.Rg3 e2 47.Qc7+ Ke6 48.Re3+ Kf5 49.Qa5+ Qxa5 50.bxa5 Ne4
51.Rxe2 Nc5 52.Kd2 Nb3+ 53.Ke3 Nxa5 54.Rg2 Nc4+ 55.Kf3 a5 56.Rg5+ Kf6 57.Rb5 Ke6
58.Ke4 a4 59.Kd3 d5 60.Kd4 a3 61.Rb8 a2 62.Ra8 Kf5 63.Rxa2 Kxf4 64.Rf2+ Kg3  1/2-1/2

[Event "Berliner Sommer"]
[Site "Berlin"]
[Date "1995.??.??"]
[Round "5"]
[White "Kohler, Thomas"]
[Black "Malisauskas, Vidmantas"]
[Result "0-1"]
[WhiteElo "2285"]
[BlackElo "2510"]

1.Nf3 Nf6 2.c4 g6 3.Nc3 Bg7 4.e4 d6 5.d4 O-O 6.Be2 e5 7.d5 a5 8.Bg5 h6 9.Bh4 Qe8
10.Nd2 Na6 11.O-O Bd7 12.b3 Nh7 13.a3 h5 14.f3 Bh6 15.Kh1 Kh8 16.Rb1 Nc5
17.Nb5 Qb8 18.Qc2 c6 19.Nc3 cxd5 20.Nxd5 Bc6 21.b4 axb4 22.axb4 Ne6 23.Nb3 Bxd5
24.exd5 Nf4 25.Rfd1 f5 26.Bf1 g5 27.Bf2 g4 28.g3 Ng6 29.fxg4 hxg4 30.h3 gxh3
31.Bxh3 Qc8 32.Rf1 Ng5 33.Be3 Nxh3 34.Bxh6 Rf7 35.Qg2 f4 36.g4 Rh7 37.Qxh3 Ne7
38.Qh4 Ng8 39.g5 Qxc4 40.Kg1 Nxh6 41.g6 Rg8 42.Qf6+ Rhg7 43.Rb2 Qd3 44.Rg2 Qxb3
45.Rh2 Qg3+ 46.Kh1 Qxh2+  0-1

[Event "Berliner Sommer"]
[Site "Berlin"]
[Date "1995.??.??"]
[Round "5"]
[White "Kiselev, Sergey"]
[Black "Rogic, Davor"]
[Result "1-0"]
[WhiteElo "2505"]
[BlackElo "2435"]

1.d4 Nf6 2.c4 g6 3.Nc3 Bg7 4.e4 d6 5.Be2 O-O 6.Nf3 e5 7.Be3 Ng4 8.Bg5 f6
9.Bh4 Qe7 10.O-O c6 11.d5 h5 12.Nd2 Nh6 13.f3 Nd7 14.b4 c5 15.a3 b6 16.Nb5 Rf7
17.Rb1 Nf8 18.bxc5 bxc5 19.Nb3 a6 20.Nc3 g5 21.Bf2 f5 22.Na4 Nd7 23.Na5 f4
24.h3 Bf8 25.Nc6 Qf6 26.Be1 Rg7 27.Rb3 g4 28.fxg4 hxg4 29.hxg4 Qg6 30.Bh4 Nf7
31.Rh3 a5 32.Rh2 Ba6 33.Nc3 Nf6 34.Bxf6 Qxf6 35.Nb5 Nh6 36.Qe1 Bc8 37.Qh4 Qxh4
38.Rxh4 Bxg4 39.Bd3 Rg6 40.Kf2 Bd7 41.Be2 a4 42.Rb1 Rc8 43.Nba7 Rc7 44.Rb8 Ng4+
45.Bxg4 Bxg4 46.Nb5 Rcg7 47.Rh2 f3 48.g3 Bd7 49.Nd8 Rg4 50.Ne6 Bxe6 51.dxe6 Rxe4
52.Kxf3 Rxc4 53.Rf2 Re7 54.Kg2 Rxe6 55.Rbxf8+ Kg7 56.R2f7+ Kg6 57.Nc7  1-0

[Event "Berliner Sommer"]
[Site "Berlin"]
[Date "1995.??.??"]
[Round "6"]
[White "Kleeschaetzky, Ralf"]
[Black "Harm, Joerg"]
[Result "0-1"]
[WhiteElo "2295"]
[BlackElo "2020"]

1.Nf3 Nf6 2.c4 g6 3.Nc3 Bg7 4.e4 d6 5.d4 O-O 6.Be2 e5 7.O-O exd4 8.Nxd4 Re8
9.f3 Nh5 10.g4 c5 11.Nc2 Be5 12.f4 Bxc3 13.gxh5 Bg7 14.hxg6 hxg6 15.Bd3 Nc6
16.Rb1 Qh4 17.Qe1 Qxe1 18.Rxe1 Bg4 19.Bd2 g5 20.Ne3 Bd4 21.Kg2 Bxe3 22.Bxe3 Nb4
23.Be2 Bxe2 24.Rxe2 Rxe4 25.Kf3 Rae8 26.Rg1 f6 27.Rgg2 Nd3 28.fxg5 f5 29.b3 Ne5+
30.Kf2 Ng4+ 31.Rxg4 fxg4 32.Re1 Kf7 33.Bd2 Kg6 34.Rxe4 Rxe4 35.Kg3 Rd4 36.Be3 Rd3
37.Kf2 Rxe3 38.Kxe3 Kxg5 39.Ke4 b6 40.Ke3 Kf5 41.Kf2 Kf4 42.Kg2 a6 43.a4 d5
44.cxd5 Ke5 45.Kg3 b5 46.axb5 axb5 47.Kxg4 c4 48.bxc4 b4  0-1

[Event "Berliner Sommer"]
[Site "Berlin"]
[Date "1995.??.??"]
[Round "7"]
[White "Kiselev, Sergey"]
[Black "Kruppa, Yuri"]
[Result "1-0"]
[WhiteElo "2505"]
[BlackElo "2570"]

1.d4 Nf6 2.c4 g6 3.Nc3 Bg7 4.e4 d6 5.Nf3 O-O 6.Be2 e5 7.Be3 c6 8.d5 Ng4 9.Bg5 f6
10.Bh4 Na6 11.Nd2 Nh6 12.f3 Nf7 13.Rb1 c5 14.a3 Bh6 15.Bf2 f5 16.b4 Qg5 17.g3 Qe7
18.h4 b6 19.Rb2 Nc7 20.Kf1 Ne8 21.Kg2 Nf6 22.Bd3 Nh5 23.Nb3 a5 24.bxa5 bxa5
25.Nc1 Kh8 26.N1e2 Rg8 27.Qb1 Qf6 28.Rh2 f4 29.g4 g5 30.gxh5 g4 31.fxg4 f3+
32.Kf1 fxe2+ 33.Bxe2 Bxg4 34.Bxg4 Rxg4 35.Qd1 Rag8 36.Ke2 Bf4 37.Rh3 Rg2
38.Qf1 Qh6 39.Kd3 Qxh5 40.Qe2 Qg6 41.Qf3 h5 42.Re2 Nh6 43.Be3 Rg4 44.Rf2 Rg7
45.Kc2 Rf7 46.Re2 Bxe3 47.Qxe3 Rff4 48.Kb3 Ng8 49.Rf2 Qf6 50.Rb2 Qf8 51.Qe1 Nf6
52.Re2 Qg8 53.Rf2 Qb8+ 54.Ka2 a4 55.Rb2 Qf8 56.Qb1 Rg8 57.Re3 Ng4 58.Ree2 Rf1
59.Qc2 Qf3 60.Nxa4  1-0

[Event "Berliner Sommer"]
[Site "Berlin"]
[Date "1995.??.??"]
[Round "7"]
[White "Shipov, Sergei"]
[Black "Oral, Tomas"]
[Result "1-0"]
[WhiteElo "2510"]
[BlackElo "2410"]

1.d4 Nf6 2.c4 g6 3.Nc3 Bg7 4.e4 d6 5.Be2 O-O 6.Nf3 e5 7.Be3 Ng4 8.Bg5 f6
9.Bh4 Nc6 10.d5 Ne7 11.Nd2 Nh6 12.f3 c5 13.dxc6 bxc6 14.b4 Be6 15.Bf2 d5
16.cxd5 cxd5 17.exd5 Nxd5 18.Nxd5 Bxd5 19.O-O f5 20.Bc4 Bxc4 21.Nxc4 e4 22.Qxd8 Rfxd8
23.Rad1 a6 24.a4 Nf7 25.fxe4 fxe4 26.Rxd8+ Rxd8 27.b5 axb5 28.axb5 Rc8 29.Na5 Bc3
30.Rc1 Ra8 31.Rxc3 Rxa5 32.Rc8+ Kg7 33.Bd4+ Kh6 34.b6 Rb5 35.Rc7 Nd8 36.Be3+ Kh5
37.Rxh7+ Kg4 38.Rd7 Nc6 39.Rf7 Ne5 40.h3+ Kh4 41.Rf4+ Kg3 42.Kf1 Rb1+ 43.Ke2 Nc4
44.Rxe4 Nxe3 45.Rxe3+ Kxg2 46.Re6 g5 47.Rh6 Rb3 48.Kd2 Kg3 49.Kc2 Rb5 50.Kc3 Rb1
51.Kc4 Rh1 52.Rh5 Kf4 53.Kc5 Rc1+ 54.Kd6 Rb1 55.Kc7 Rc1+ 56.Kb8 Rb1 57.b7 Rc1
58.Rh6 Kg3 59.Ka7 Ra1+ 60.Ra6  1-0

[Event "Berliner Sommer"]
[Site "Berlin"]
[Date "1995.??.??"]
[Round "7"]
[White "Chuchelov, Vladimir"]
[Black "Heinig, Wolfram"]
[Result "1-0"]
[WhiteElo "2550"]
[BlackElo "2325"]

1.Nf3 Nf6 2.d4 g6 3.c4 d6 4.Nc3 Nbd7 5.e4 e5 6.Be2 Bg7 7.O-O O-O 8.Be3 Ng4
9.Bg5 f6 10.Bh4 Nh6 11.Qd2 c6 12.Rad1 Nf7 13.b4 Qe8 14.Qc2 Kh8 15.b5 exd4
16.Nxd4 Nc5 17.bxc6 bxc6 18.f4 f5 19.exf5 Bxf5 20.Nxf5 gxf5 21.Bf2 Qe6 22.Rfe1 Ne4
23.Bd3 Bxc3 24.Bxe4 Bxe1 25.Bd4+ Ne5 26.Bxc6 Rac8 27.Bd5 Qf6 28.Qb2 Rb8 29.Qa1 Bh4
30.fxe5 Qg6 31.exd6+ Bf6 32.c5 Rbd8 33.Bxf6+ Rxf6 34.c6 Rxd6 35.c7 Qe8 36.Rc1 Qc8
37.Bb7 Qxb7 38.c8=Q+ Qxc8 39.Rxc8+ Kg7  1-0

[Event "Berliner Sommer"]
[Site "Berlin"]
[Date "1995.??.??"]
[Round "8"]
[White "Kiselev, Sergey"]
[Black "Dydyshko, Viacheslav"]
[Result "0-1"]
[WhiteElo "2505"]
[BlackElo "2545"]

1.d4 Nf6 2.c4 g6 3.Nc3 Bg7 4.e4 d6 5.Nf3 O-O 6.Be2 e5 7.Be3 c6 8.d5 Ng4 9.Bg5 f6
10.Bh4 c5 11.Nd2 Nh6 12.f3 Nf7 13.a3 Bh6 14.Bf2 f5 15.b4 b6 16.Nb3 Nd7 17.O-O Nf6
18.bxc5 bxc5 19.Rb1 Nh5 20.Re1 Ng5 21.Bf1 fxe4 22.fxe4 Nh3+ 23.gxh3 Qg5+
24.Kh1 Rxf2 25.Re2 Rf6 26.Rg2 Qh4 27.Rg4 Rxf1+  0-1

[Event "Bern op"]
[Site "Bern"]
[Date "1995.??.??"]
[Round "7"]
[White "Polak, Tomas"]
[Black "Link, Michael"]
[Result "1-0"]
[WhiteElo "2420"]
[BlackElo "2295"]

1.d4 Nf6 2.c4 g6 3.Nc3 Bg7 4.e4 d6 5.Nf3 O-O 6.Be2 e5 7.d5 a5 8.Bg5 Na6 9.O-O Qe8
10.Nd2 h5 11.a3 Bd7 12.b3 Nh7 13.Be3 Qe7 14.Rc1 Bf6 15.Nf3 b6 16.Qc2 Kh8
17.Qb2 Rfb8 18.b4 axb4 19.axb4 Ng5 20.Bxg5 Bxg5 21.Ra1 Bc8 22.Ra2 Bf6 23.Rfa1 Qd8  1-0